000 00290nam a22001217a 4500
008 170627b xxu||||| |||| 00| 0 eng d
041 _aeng
080 _25ED
_a5
100 _a21
101 _aGJL
245 _aPUBLIC SPEAKING FOR COLLEGE AND CAREER
_cGREGORY.H
942 _2udc
_cBK
999 _c19233
_d19233